| 000 | 00675nam a2200229 a 4500 | ||
|---|---|---|---|
| 008 | |||
| 020 | _a0333235711 (cased) | ||
| 049 | _aMAIN | ||
| 090 | _aHD82 | ||
| 100 | 1 | 0 | _aHacche, Graham. |
| 245 | 1 | 4 |
_aThe theory of economic growth : _ban introduction / _cGraham Hacche. |
| 260 | 0 |
_aLondon : _bMacmillan Education, _c1979. |
|
| 300 |
_axv, 349 p. ; _c23 cm. |
||
| 504 | _aIncludes bibliographical references: p. 326-340. | ||
| 500 | _aIncludes index. | ||
| 650 | 0 | _aEconomic development. | |
| 907 |
_a.b10082773 _b17-07-03 _c16-07-03 |
||
| 003 | |||
| 005 | 20230123133339.0 | ||
| 040 | _cNUST | ||
| 942 |
_cBOOKS _kHD82 |
||
| 999 |
_c147005 _d147005 |
||